Introduction to counseling and guidance / (Record no. 16086)
[ view plain ]
| 000 -LEADER | |
|---|---|
| fixed length control field | 00621nam a22002177a 4500 |
| 003 - CONTROL NUMBER IDENTIFIER | |
| control field | DEla salle |
| 005 - DATE AND TIME OF LATEST TRANSACTION | |
| control field | 20140310182806.0 |
| 008 - FIXED-LENGTH DATA ELEMENTS--GENERAL INFORMATION | |
| fixed length control field | 130214t xxu||||| |||| 00| 0 eng d |
| 020 ## - INTERNATIONAL STANDARD BOOK NUMBER | |
| International Standard Book Number | 0130942014 |
| 050 ## - LIBRARY OF CONGRESS CALL NUMBER | |
| Classification number | BF 637.C6 |
| Item number | .G48 2003 |
| 100 ## - MAIN ENTRY--PERSONAL NAME | |
| Personal name | Gibson, Robert L. |
| 245 ## - TITLE STATEMENT | |
| Title | Introduction to counseling and guidance / |
| Statement of responsibility, etc | Robert L. Gibson, Marianne H. Mitchell |
| 250 ## - EDITION STATEMENT | |
| Edition statement | 6th ed. |
| 260 ## - PUBLICATION, DISTRIBUTION, ETC. (IMPRINT) | |
| Place of publication, distribution, etc | Upper Saddle River, N.J. : |
| Name of publisher, distributor, etc | Merrill/Prentice Hall, |
| Date of publication, distribution, etc | 2003. |
| 300 ## - PHYSICAL DESCRIPTION | |
| Extent | xviii, 557 p. : |
| Dimensions | 25 cm. |
| Other physical details | ill. ; |
| 521 ## - TARGET AUDIENCE NOTE | |
| Target audience note | |
| 526 ## - STUDY PROGRAM INFORMATION NOTE | |
| Reading level | 1210L-1700L |
| 562 ## - COPY AND VERSION IDENTIFICATION NOTE | |
| Number of copies | 1 |
| 942 ## - ADDED ENTRY ELEMENTS (KOHA) | |
| Source of classification or shelving scheme | Library of Congress Classification |
| Koha item type | Books |
| Call number prefix | Foreign |
| Withdrawn status | Lost status | Source of classification or shelving scheme | Damaged status | Home library | Current library | Shelving location | Date acquired | Source of acquisition | Total Checkouts | Total Renewals | Full call number | Barcode | Date last seen | Date checked out | Copy number | Price effective from | Koha item type |
|---|---|---|---|---|---|---|---|---|---|---|---|---|---|---|---|---|---|
| Library of Congress Classification | Archives | Archives | 02/14/2013 | Donation | 1 | 2 | BF 637.C6 .G48 2003 | C7959 | 06/05/2020 | 01/28/2020 | 1 | 02/14/2013 | Books |